000 00324nam a22001457a 4500
003 SGT
020 _a978-0-500-20460-3
082 _a747
_bMAS
100 _aMASSEY, ANNE
245 _aINTERIOR DESIGN SINCE 1900
260 _aUK.
_bTHAMES & HUDSON
_c2020
300 _a271
650 _aINTERIOR DESIGN
942 _2ddc
_cBK
999 _c33208
_d33208